Directorio social. (Record no. 4101)

MARC details
000 -CABECERA
campo de control de longitud fija 00660nam a2200229 a 4500
001 - NÚMERO DE CONTROL
campo de control BRCA_4390
005 - FECHA Y HORA DE LA ÚLTIMA TRANSACCIÓN
campo de control 20190320204643.0
008 - DATOS DE LONGITUD FIJA--INFORMACIÓN GENERAL
campo de control de longitud fija 090610m19411942mx-a######---#000-0#spa-#
041 ## - CÓDIGO DE LENGUA
Código de lengua del texto/banda sonora o título independiente spa
044 ## - CÓDIGO DEL PAÍS DE LA ENTIDAD EDITORA/PRODUCTORA
Código MARC del país mx
050 #4 - SIGNATURA TOPOGRÁFICA DE LA BIBLIOTECA DEL CONGRESO
Número de clasificación HF3233
Número de documento/Ítem .D57 3
-- 1941
245 10 - MENCIÓN DE TÍTULO
Título Directorio social.
260 ## - PUBLICACIÓN, DISTRIBUCIÓN, ETC.
Lugar de publicación, distribución, etc. México
Nombre del editor, distribuidor, etc. H. Ruiz Sandoval
Fecha de publicación, distribución, etc. 1941-1942
300 ## - DESCRIPCIÓN FÍSICA
Extensión 2 ediciones
Otras características físicas il.
Dimensiones 17 cm.
500 ## - NOTA GENERAL
Nota general Ver también AM25 (ed. 38) y DD46 (ed. 14)
500 ## - NOTA GENERAL
Nota general H13
505 0# - NOTA DE CONTENIDO CON FORMATO
Nota de contenido con formato Contenido: ed. 16. 1941. -- ed. 17. 1942
651 #4 - PUNTO DE ACCESO ADICIONAL DE MATERIA--NOMBRE GEOGRÁFICO
Nombre geográfico México
Subdivisión de forma Directorios
Subdivisión general Comercio
9 (RLIN) 10874
651 #4 - PUNTO DE ACCESO ADICIONAL DE MATERIA--NOMBRE GEOGRÁFICO
Nombre geográfico México
Subdivisión de forma Guías de viajeros
Subdivisión general Descripción
9 (RLIN) 10875
902 ## - CATALOGADOR
Iniciales GFM
942 ## - ELEMENTOS DE PUNTO DE ACCESO ADICIONAL (KOHA)
Fuente del sistema de clasificación o colocación Library of Congress Classification
Tipo de ítem Koha Libros
Holdings
Estado de retiro Estado de pérdida Estado dañado No para préstamo Localización permanente Ubicación/localización actual Fecha de adquisición Número de inventario Total de préstamos Signatura topográfica completa Código de barras Fecha visto por última vez Precio válido a partir de Tipo de ítem Koha
El ejemplar forma parte de la colección y puede ser consultado según las políticas vigentes.       Biblioteca del Museo Franz Mayer (Rogerio Casas-Alatriste) Biblioteca del Museo Franz Mayer (Rogerio Casas-Alatriste) 11/08/2010 H13   HF3233 .D57 3 1941 (H13) 4387 22/03/2019 22/03/2019 Libros